000 00432nam a2200181Ia 4500
001 14955
005 20260306164952.0
008 260306t2014||||xx |||||||||||||| ||spa||
041 _aESP
082 _a519.5
_bT69
100 _aToma Inafuko, Jorge
_eAUT
245 0 _aEstadĂ­stica aplicada primera parte
260 _c2014
300 _a344 páginas :
_c22 cm.
650 _aGEN
654 _aCMA
942 _cLIB
_dJUS
_fJUS
_2ddc
_n
999 _c14955
_d14955